| 000 | 01321cam a22003015i 4500 | ||
|---|---|---|---|
| 999 |
_c27593 _d27564 |
||
| 001 | 013517153 | ||
| 003 | EG-ScBUE | ||
| 005 | 20190908125406.0 | ||
| 008 | 060508s2006 enkc f 001 0 eng d | ||
| 020 | _a9780521671224 (pbk.) | ||
| 020 | _a0521671221 (pbk.) | ||
| 040 |
_aStDuBDS _beng _erda _cStDuBDS _dUk _dEG-ScBUE |
||
| 082 | 0 | 4 |
_a792.95 _bPER _222 |
| 245 | 0 | 0 |
_aPerforming Shakespeare's tragedies today : _bthe actor's perspective / _cedited by Michael Dobson. |
| 264 | 1 |
_aCambridge ; _aNew York : _bCambridge University Press, _c2006. |
|
| 300 |
_avii, 144 p. : _bportraits. ; _c23 cm |
||
| 336 |
_atext _btxt _2rdacontent |
||
| 337 |
_aunmediated _bn _2rdamedia |
||
| 338 |
_avolume _bnc _2rdacarrier |
||
| 500 | _aIncludes index. | ||
| 520 | _aWhat does it mean to perform Shakespeare's Elizabethan and Jacobean tragedies in the modern theatre? This text brings together the reflections of a number of major classical actors, including Sir Antony Sher, Samuel West and Imogen Stubbs, on how these works can most powerfully be realized for today's audiences. | ||
| 600 | 1 | 7 |
_aShakespeare, William, _d1564-1616 _xTragedies _xDramatic production. _2BUEsh |
| 650 | 7 |
_aActing. _2BUEsh |
|
| 653 |
_bHHUUEENN _cSeptember2019 |
||
| 655 | _vReading book | ||
| 700 | 1 |
_aDobson, Michael, _d1960- _eeditor. |
|
| 942 |
_2ddc _cBB |
||